000 00274nam a22001217a 4500
008 180314b xxu||||| |||| 00| 0 eng d
041 _aeng
080 _a621
100 _a26
101 _amec
245 _aasae standards 2000 engineering
_ctinsey.k.g
942 _2udc
_cBK
999 _c44965
_d44965